<?xml version="1.0" encoding="UTF-8"?>
<record
    xmlns:xsi="http://www.w3.org/2001/XMLSchema-instance"
    xsi:schemaLocation="http://www.loc.gov/MARC21/slim http://www.loc.gov/standards/marcxml/schema/MARC21slim.xsd"
    xmlns="http://www.loc.gov/MARC21/slim">

  <leader>00787nam a22002057a 4500</leader>
  <controlfield tag="003">LK-CoDNM</controlfield>
  <controlfield tag="005">20241101100552.0</controlfield>
  <controlfield tag="008">241101b        |||||||| |||| 00| 0 eng d</controlfield>
  <datafield tag="040" ind1=" " ind2=" ">
    <subfield code="a">LK-CoDNM</subfield>
    <subfield code="d">LK-CoDNM</subfield>
    <subfield code="e">LK-CoDNM</subfield>
  </datafield>
  <datafield tag="041" ind1=" " ind2=" ">
    <subfield code="a">sin</subfield>
  </datafield>
  <datafield tag="080" ind1=" " ind2=" ">
    <subfield code="a">&#xDB4;&#xDCA;&#x200D;&#xDBB;.&#xDC3; </subfield>
    <subfield code="b">1.2</subfield>
  </datafield>
  <datafield tag="100" ind1=" " ind2=" ">
    <subfield code="a">&#xDB6;&#xDBD;&#xDB4;&#xDD2;&#xDA7;&#xDD2;&#xDBA;&#xDDA; &#xDAF;&#xDBA;&#xDCF;&#xDB1;&#xDB1;&#xDCA;&#xDAF; &#xDC0;&#xDD2;&#xD9A;&#xDCA;&#x200D;&#xDBB;&#xDB8;&#xDBB;&#xDAD;&#xDCA;&#xDB1; </subfield>
  </datafield>
  <datafield tag="245" ind1=" " ind2=" ">
    <subfield code="a">&#xDC3;&#xDC0;&#xDB1; - 1957 &#xDB1;&#xDDC;&#xDC0;&#xDD0;&#xDB8;&#xDCA;&#xDB6;&#xDBB;&#xDCA; -1 &#xD9A;&#xDCF;&#xDAB;&#xDCA;&#xDA9;&#xDBA; (  2 &#xD9A;&#xDBD;&#xDCF;&#xDB4;&#xDBA; ) </subfield>
  </datafield>
  <datafield tag="260" ind1=" " ind2=" ">
    <subfield code="c">1957</subfield>
  </datafield>
  <datafield tag="300" ind1=" " ind2=" ">
    <subfield code="a">16p. : ill ,  21 cm</subfield>
  </datafield>
  <datafield tag="650" ind1=" " ind2=" ">
    <subfield code="a">&#xDB6;&#xDBD;&#xDB4;&#xDD2;&#xDA7;&#xDD2;&#xDBA;&#xDDA; &#xDAF;&#xDBA;&#xDCF;&#xDB1;&#xDB1;&#xDCA;&#xDAF; &#xDC0;&#xDD2;&#xD9A;&#xDCA;&#x200D;&#xDBB;&#xDB8;&#xDBB;&#xDAD;&#xDCA;&#xDB1; </subfield>
  </datafield>
  <datafield tag="650" ind1=" " ind2=" ">
    <subfield code="a">&#xDB4;&#xDCA;&#x200D;&#xDBB;.&#xDC3; 1.2</subfield>
  </datafield>
  <datafield tag="650" ind1=" " ind2=" ">
    <subfield code="a">&#xDC3;&#xDC0;&#xDB1; - 1957 &#xDB1;&#xDDC;&#xDC0;&#xDD0;&#xDB8;&#xDCA;&#xDB6;&#xDBB;&#xDCA; -1 &#xD9A;&#xDCF;&#xDAB;&#xDCA;&#xDA9;&#xDBA; (  2 &#xD9A;&#xDBD;&#xDCF;&#xDB4;&#xDBA; ) </subfield>
  </datafield>
  <datafield tag="942" ind1=" " ind2=" ">
    <subfield code="c">BK</subfield>
  </datafield>
  <datafield tag="952" ind1=" " ind2=" ">
    <subfield code="0">0</subfield>
    <subfield code="1">0</subfield>
    <subfield code="4">1</subfield>
    <subfield code="7">0</subfield>
    <subfield code="8">OBC</subfield>
    <subfield code="a">MAIN</subfield>
    <subfield code="b">MAIN</subfield>
    <subfield code="c">REF</subfield>
    <subfield code="d">2024-11-01</subfield>
    <subfield code="l">0</subfield>
    <subfield code="o">&#xDB4;&#xDCA;&#x200D;&#xDBB;.&#xDC3;  1.2</subfield>
    <subfield code="p">OJP4647-2</subfield>
    <subfield code="r">2024-11-01</subfield>
    <subfield code="w">2024-11-01</subfield>
    <subfield code="y">BK</subfield>
  </datafield>
  <datafield tag="999" ind1=" " ind2=" ">
    <subfield code="c">225032</subfield>
    <subfield code="d">225032</subfield>
  </datafield>
</record>
